000 00717nam a2200289Ia 4500
005 20260324145052.0
008 008 260324s9999 xx 000 0 eng d
020 _a9780429314087
037 _aEBOOK
040 _aCRL
040 _beng
040 _cCRL
041 _2eng
041 _aeng
084 _qCRL
100 _aSamuel A Morley; Erwin C Hargrove
_91221639
245 4 _aThe President And The Council Of Economic Advisors
245 0 _bInterviews With Cea Chairmen
260 _bTaylor and Francis
260 _c1985
365 _a
365 _b145
856 _uhttp://www.taylorfrancis.com/books/9780429314087
942 _cEBOOK
999 _c1829046
_d1829046